000 00441nam a2200169 a 4500
001 1819
005 20140414131948.0
008 010329s19uu xx 00 eng d
020 _a971-27-0017-8
050 _aTR 428.6
_bO97 1991
245 _aOut came the sun, prep 2.
260 _aPasig :
_bAnvil Pub.,
_c1991.
300 _a78 p. ; cm.
440 _aOur World of Reading.
650 _aReading
_xStudy and teaching.
999 _c112726
_d112726